000 00460nam a22001337a 4500
005 20251006133247.0
008 251006b |||||||| |||| 00| 0 eng d
020 _a0-877845158
100 _a Emerson, Allen
_d1989
245 _athe invasion of the computer culture: what you need to know about the new world we live in
_c/ Allen Emerson and Cheryl Forbes
260 _aDowners Grove,
_bintervarsity Christian fellowship
_c1989
300 _c20.8
942 _2ddc
_cBK
_n0
999 _c86
_d86